Japanische Dinge anhand von Bildern erraten 2 - Statistiken

Allgemein
  • Dieses Quiz wurde 69 mal gespielt
  • Das Durchschnittsergebnis liegt bei 7 aus 28
Antwortstatistiken
Bildquiz Antwort % Korrekt
Origami
91%
Sushi
91%
Judo
79%
Sake
57%
Shinkansen
52%
Wasabi
38%
Miso Suppe
36%
Dango
34%
Shougi
33%
Tempura
28%
Udon
26%
Pocky
24%
Dojo
17%
Yakisoba
16%
Toriyaki/Yakitori
14%
Hanafuda
10%
Kabuki
10%
Yakisobapan
7%
Teru Teru Bouzu
5%
Ohashi
3%
Sensu/Ougi
3%
Zabuton
3%
Odango
2%
Uchiwa
2%
Buyou
0%
Fusuma
0%
Hime Cut
0%
Machiya
0%
Keine übereinstimmenden Quizze gefunden
Verteilung der Resultate
Anzahl Personen mit jedem Resultat
Perzentil nach korrekt beantworteten Fragen
Ihre Resultats-Entwicklung
Sie haben dieses Quiz noch nicht gespielt